000 00772nam a2200193Ia 4500
008 151121s9999||||xx |||||||||||||| ||und||
082 _a814 / कुंभार
082 _bHNW-76784
100 _aकुंभार नागोराव - संपा।
245 _aजे। कृष्णमूर्ती: विचारदर्शन
260 _bलातूर
260 _c--
300 _a144
600 _aकुंभार नागोराव - संपा।
630 _aजे। कृष्णमूर्ती: विचारदर्शन
700 _aकुंभार नागोराव - संपा।
730 _aजे। कृष्णमूर्ती: विचारदर्शन
942 _cBOOK
999 _c1258206
_d1258203